The mutual weaving of obligation networks in mass industrial markets /

Gardado en:
Detalles Bibliográficos
Autor Principal: Darr, Asaf
Formato: Texto
Materias:
Etiquetas: Engadir etiqueta
Sen Etiquetas, Sexa o primeiro en etiquetar este rexistro!

MARC

LEADER 00000 a a2200000 04500
001 4760
003
040
100 |a Darr, Asaf  
245 |a The mutual weaving of obligation networks in mass industrial markets /  |c Asaf Darr 
650 |a EMPRESAS INDUSTRIALES  
650 |a EMPRESAS COMERCIALES  
650 |a COMERCIALIZACION  
650 |a PODER DE COMPRA  
650 |a OBLIGACIONES  
650 |a RESPONSABILIDAD  
773 |g volumen 55, número 1; páginas 41-58  
999 |c 31502  |d 31502